| 000 | 01561naa a22004097a 4500 | ||
|---|---|---|---|
| 001 | BR8302421 | ||
| 003 | BR-BrBNA | ||
| 005 | 20240918175235.0 | ||
| 007 | ta | ||
| 008 | 230509b bl.||||| |||| 00| 0 por d | ||
| 040 |
_aBR-BrBNA _bpor _cBiblioteca Nacional de Agricultura |
||
| 041 | _a(Pt) | ||
| 072 |
_aL36 _b6100 _b8957 _b8959 |
||
| 090 | _aL36 BR8302421 | ||
| 100 | 1 | _aCoelho, M. das G.R. | |
| 100 | 1 | _aRostagno, H.S. | |
| 100 | 1 | _aFonseca, J.B. | |
| 100 | 1 | _aSilva, D.J. da | |
| 111 | 1 |
_a8. Congresso Latino Americano de Avicultura; 8. Congresso Brasileiro de Avicultura _cCamboriu, SC (Brazil) _d12-15 Oct 1983 |
|
| 245 | 1 | _aComposicao quimica e valores energeticos de alguns alimentos, determinados com pintos e galos [farinha de carne, farinha de osso, farinha de sangue, farelo] | |
| 260 | 3 |
_aCamboriu, SC (Brasil): _c1983. |
|
| 500 | _aAnais do 8. Congresso Latino Americano de Avicultura e 8. Congresso Brasileiro de Avicultura Camboriu, SC (Brasil): 1983. p. 79-86 (BR8302421-AM)L36 | ||
| 650 | _aPINTO | ||
| 650 | _aGALO | ||
| 650 | _aNUTRICAO ANIMAL | ||
| 650 | _aFARINHA DE CARNE | ||
| 650 | _aFARINHA DE OSSO | ||
| 650 | _aFARINHA DE PEIXE | ||
| 650 | _aFARINHA DE SANGUE | ||
| 650 | _aFARELO | ||
| 650 | _aCOMPOSICAO QUIMICA | ||
| 650 | _aVALOR NUTRITIVO | ||
| 650 | _aMATERIA SECA | ||
| 773 | 0 |
_tAnais do 8. Congresso Latino Americano de Avicultura e 8. Congresso Brasileiro de Avicultura _wL36 BR8302421 _gCamboriu, SC (Brasil), 1983. p. 79-86 |
|
| 909 |
_a202404 _bLucia _c55 _dLucia Elande |
||
| 942 |
_cAM _2AGRIS |
||
| 999 |
_c315824 _d315824 |
||